书目信息 |
| 题名: |
The scarlet letter
|
|
| 作者: | 霍桑 原著 ;陈晨 导读与注释 | |
| 分册: | ||
| 出版信息: | 北京 中国宇航出版社 2017 |
|
| 页数: | 366页 | |
| 开本: | 21cm | |
| 丛书名: | 我的心灵藏书馆 | |
| 单 册: | ||
| 中图分类: | H319.4:I , I712.44 | |
| 科图分类: | ||
| 主题词: | 英语--ying yu--语言读物 , 长篇小说--chang pian xiao shuo--美国--近代 | |
| 电子资源: | ||
| ISBN: | 978-7-5159-0095-7 | |
| 000 | 01184nam 2200337 45 | |
| 001 | 012001009377 | |
| 005 | 20140101145558.0 | |
| 010 | @a978-7-5159-0095-7@dCNY25.00 | |
| 099 | @aCAL 012012207090 | |
| 100 | @a20120210d2012 em y0chiy50 ba | |
| 101 | 0 | @aeng@achi |
| 102 | @aCN@b110000 | |
| 105 | @ay a 000ay | |
| 106 | @ar | |
| 200 | 1 | @aThe scarlet letter@Athe scarlet letter@d= 红字@f原著 (美) N·霍桑@g本书导读与注释陈晨@zchi |
| 210 | @a北京@c中国宇航出版社@d2017 | |
| 215 | @a366页@d21cm | |
| 225 | 2 | @a我的心灵藏书馆@Awo de xin ling cang shu guan@f彭萍主编 |
| 300 | @a注释版 | |
| 320 | @a有书目 (第366页) | |
| 330 | @a本书以17世纪中叶的新英格兰为背景, 通过对三个主要人物的思想矛盾和生活悲剧的描写, 揭示了人性、社会 、宗教压迫等各方面的图景。 | |
| 410 | 0 | @12001@a我的心灵藏书馆@f彭萍主编 |
| 510 | 1 | @a红字@zchi |
| 606 | 0 | @a英语@Aying yu@j语言读物 |
| 606 | 0 | @a长篇小说@Achang pian xiao shuo@y美国@z近代 |
| 690 | @aH319.4:I@v5 | |
| 690 | @aI712.44@v5 | |
| 701 | 1 | @a霍桑@Ahuo sang@g(Hawthorne, Nathaniel),@f1804-1864@4原著 |
| 702 | 0 | @a陈晨@Achen chen@4导读与注释 |
| 801 | 2 | @aCN@b上海新华@c20191020 |
| 905 | @b1187958-61@dH319.4:I@e2084@f4 | |
| The scarlet letter= 红字/原著 (美) N·霍桑/本书导读与注释陈晨.-北京:中国宇航出版社,2017 |
| 366页;21cm.-(我的心灵藏书馆/彭萍主编) |
| 注释版 |
| ISBN 978-7-5159-0095-7:CNY25.00 |
| 本书以17世纪中叶的新英格兰为背景, 通过对三个主要人物的思想矛盾和生活悲剧的描写, 揭示了人性、社会 、宗教压迫等各方面的图景。 |
| ● |
| 相关链接 |
|
|
|
|
正题名:The scarlet letter
索取号:H319.4:I/2084
 
预约/预借
| 序号 | 登录号 | 条形码 | 馆藏地/架位号 | 状态 | 备注 |
| 1 | 1187958 | 211879582 | 第二样本阅览室/ [索取号:H319.4:I/2084] | 在馆 | |
| 2 | 1187959 | 211879591 | 第四借阅区/ [索取号:H319.4:I/2084] | 在馆 | |
| 3 | 1187960 | 211879608 | 第四借阅区/ [索取号:H319.4:I/2084] | 在馆 | |
| 4 | 1187961 | 211879617 | 第四借阅区/ [索取号:H319.4:I/2084] | 在馆 |